000 00502nam a2200157 a 4500
001 000040980
005 20201002034526.0
008 130912s1997 xxua 000 0 eng d
020 _a0877797080
040 _aDO-SdBNP
_beng
_cBNPHU
082 _axxx
_bxxxx
245 0 0 _aMerriam-Webster's Collegiate Dictionary. /
_cpreface, Frederick C. Mish.
260 _aSpringfiel, Massachusetts, U.S.A., :
_bMerriam-Webster,
_c1997.
300 _a38a, 1559 p :
_bil. ;
_c24 cm.
700 1 _aMish, Frederick C.
_967415
999 _c40470
_d40470